[Event "DVM U20 2017"]
[Site "Düsseldorf GER"]
[Date "2017.12.28"]
[Round "4"]
[White "Schulte, Felix"]
[Black "Bunyatov, Rustam"]
[Result "0-1"]
[Termination "normal"]
[Board "2.3"]
[BlackTitle "FM"]
[WhiteElo "1982"]
[BlackElo "2166"]
[WhiteClock "00:11:09"]
[BlackClock "00:09:46"]
[WhiteTeam "USV Halle"]
[BlackTeam "SG Porz"]
[PlyCount "90"]
[WhiteFideId "12914800"]
[BlackFideId "13410210"]
[EventCountry "GER"]
[EventRounds "7"]
[EventType "team-swiss"]
[EventDate "2017.12.26"]

1. d4 {[%clk 1:30:59]} Nf6 {[%clk 1:30:56]} 2. c4 {[%clk 1:31:25]} e6 {[%clk
1:31:22]} 3. Nc3 {[%clk 1:31:49]} Bb4 {[%clk 1:31:47]} 4. e3 {[%clk 1:32:14]}
O-O {[%clk 1:32:12]} 5. Nge2 {[%clk 1:32:42]} d5 {[%clk 1:32:34]} 6. a3 {[%clk
1:32:50]} Be7 {[%clk 1:32:57]} 7. cxd5 {[%clk 1:33:01]} exd5 {[%clk 1:33:22]}
8. Nf4 {[%clk 1:33:25]} c6 {[%clk 1:33:35]} 9. Bd3 {[%clk 1:33:36]} Re8 {[%clk
1:33:58]} 10. O-O {[%clk 1:33:27]} Nbd7 {[%clk 1:34:05]} 11. Bc2 {[%clk
1:33:01]} Nf8 {[%clk 1:18:20]} 12. f3 {[%clk 1:32:21]} Ne6 {[%clk 1:15:41]} 13.
Nxe6 {[%clk 1:31:36]} Bxe6 {[%clk 1:16:05]} 14. e4 {[%clk 1:31:47]} dxe4 {[%clk
1:02:11]} 15. fxe4 {[%clk 1:32:16]} c5 {[%clk 0:59:13]} 16. d5 {[%clk 1:26:02]}
Bg4 {[%clk 0:59:01]} 17. Qd3 {[%clk 1:26:03]} Bd6 {[%clk 0:57:44]} 18. Bg5
{[%clk 1:11:30]} Be5 {[%clk 0:55:10]} 19. Kh1 Bh5 {[%clk 0:53:10]} 20. Rae1
{[%clk 0:54:54]} Bg6 {[%clk 0:52:52]} 21. Qf3 {[%clk 0:47:44]} Qb8 {[%clk
0:48:37]} 22. g3 {[%clk 0:43:28]} b5 {[%clk 0:46:09]} 23. Nd1 {[%clk 0:38:34]}
Nxd5 {[%clk 0:40:12]} 24. exd5 {[%clk 0:31:22]} Bxc2 {[%clk 0:40:33]} 25. Qxf7+
{[%clk 0:27:12]} Kh8 {[%clk 0:40:59]} 26. Qf2 {[%clk 0:26:02]} Bd3 {[%clk
0:39:05]} 27. Qxc5 {[%clk 0:23:01]} Bxf1 {[%clk 0:37:35]} 28. Rxf1 {[%clk
0:23:24]} h6 {[%clk 0:27:33]} 29. Bd2 {[%clk 0:19:40]} Qb7 {[%clk 0:26:59]} 30.
Nc3 {[%clk 0:19:44]} Rad8 {[%clk 0:26:40]} 31. Rd1 {[%clk 0:19:19]} a6 {[%clk
0:23:53]} 32. Re1 {[%clk 0:13:35]} Bxc3 {[%clk 0:22:30]} 33. Rxe8+ {[%clk
0:13:46]} Rxe8 {[%clk 0:22:54]} 34. Bxc3 {[%clk 0:14:05]} Rd8 {[%clk 0:23:01]}
35. Qe3 {[%clk 0:12:45]} Qxd5+ {[%clk 0:20:55]} 36. Kg1 {[%clk 0:13:15]} Qd1+
{[%clk 0:20:59]} 37. Kg2 {[%clk 0:13:38]} Qc2+ {[%clk 0:21:24]} 38. Kh3 {[%clk
0:14:02]} Qg6 {[%clk 0:21:47]} 39. Kg2 {[%clk 0:14:09]} Kh7 {[%clk 0:21:40]}
40. Qf2 {[%clk 0:12:10]} Re8 {[%clk 0:20:16]} 41. h4 {[%clk 0:10:12]} Qe4+
{[%clk 0:15:23]} 42. Kh3 {[%clk 0:10:40]} Qh1+ {[%clk 0:11:44]} 43. Qh2 {[%clk
0:10:21]} Qf1+ {[%clk 0:10:18]} 44. Qg2 {[%clk 0:10:45]} Qf5+ {[%clk 0:10:42]}
45. Kh2 {[%clk 0:11:09]} Qd3 {[%clk 0:09:46]} 0-1

[Event "DVM U20 2017"]
[Site "Düsseldorf GER"]
[Date "2017.12.28"]
[Round "4"]
[White "Sabirov, Ramil"]
[Black "Altstadt, Karl-Simon"]
[Result "1/2-1/2"]
[Termination "normal"]
[Board "2.4"]
[WhiteElo "2093"]
[BlackElo "2004"]
[WhiteClock "00:06:40"]
[BlackClock "00:09:00"]
[WhiteTeam "SG Porz"]
[BlackTeam "USV Halle"]
[PlyCount "68"]
[WhiteFideId "12900303"]
[BlackFideId "24696676"]
[EventCountry "GER"]
[EventRounds "7"]
[EventType "team-swiss"]
[EventDate "2017.12.26"]

1. e4 {[%clk 1:30:58]} c5 2. Nf3 {[%clk 1:31:24]} d6 {[%clk 1:31:21]} 3. Bb5+
{[%clk 1:31:51]} Bd7 {[%clk 1:31:36]} 4. Bxd7+ {[%clk 1:32:17]} Qxd7 {[%clk
1:31:55]} 5. c4 {[%clk 1:32:04]} Nc6 {[%clk 1:27:59]} 6. Nc3 {[%clk 1:31:39]}
g6 {[%clk 1:26:50]} 7. d4 {[%clk 1:30:08]} cxd4 {[%clk 1:25:23]} 8. Nxd4 {[%clk
1:30:32]} Bg7 {[%clk 1:25:32]} 9. Nde2 {[%clk 1:30:55]} Nf6 {[%clk 1:24:18]}
10. O-O {[%clk 1:30:40]} O-O {[%clk 1:24:44]} 11. h3 {[%clk 1:18:17]} Qe6
{[%clk 1:19:02]} 12. Nf4 {[%clk 0:47:38]} Qxc4 {[%clk 1:15:52]} 13. Qd3 {[%clk
0:45:16]} Qxd3 {[%clk 1:13:35]} 14. Nxd3 {[%clk 0:45:41]} Rfd8 {[%clk 1:10:23]}
15. Bg5 {[%clk 0:40:11]} h6 {[%clk 1:02:48]} 16. Bxf6 {[%clk 0:39:44]} Bxf6
{[%clk 1:03:16]} 17. Rac1 {[%clk 0:39:18]} e6 {[%clk 0:52:30]} 18. Rfe1 {[%clk
0:33:56]} Rac8 {[%clk 0:47:27]} 19. g3 {[%clk 0:27:22]} Bxc3 {[%clk 0:44:46]}
20. Rxc3 {[%clk 0:25:29]} Nd4 {[%clk 0:45:05]} 21. Kg2 {[%clk 0:23:22]} Rxc3
{[%clk 0:42:54]} 22. bxc3 {[%clk 0:23:48]} Nc6 {[%clk 0:42:06]} 23. c4 {[%clk
0:18:17]} b6 {[%clk 0:36:39]} 24. Rd1 {[%clk 0:13:08]} Kf8 {[%clk 0:36:00]} 25.
Kf3 {[%clk 0:12:48]} Ke7 {[%clk 0:36:05]} 26. Ke3 {[%clk 0:13:09]} Rc8 {[%clk
0:32:18]} 27. Nb2 {[%clk 0:11:07]} Rc7 {[%clk 0:30:12]} 28. Rd2 {[%clk
0:09:41]} Ne5 {[%clk 0:29:58]} 29. Rd4 {[%clk 0:09:22]} Rc5 {[%clk 0:29:02]}
30. f4 {[%clk 0:07:21]} Nc6 {[%clk 0:28:44]} 31. Rd2 {[%clk 0:07:38]} Ra5
{[%clk 0:28:51]} 32. a4 {[%clk 0:07:48]} Rc5 {[%clk 0:27:29]} 33. Rd1 {[%clk
0:06:41]} Na5 {[%clk 0:26:33]} 34. Kd3 {[%clk 0:06:40]} Rc7 {[%clk 0:09:00]}
1/2-1/2

[Event "DVM U20 2017"]
[Site "Düsseldorf GER"]
[Date "2017.12.28"]
[Round "4"]
[White "Perekhozhuk, Maksym"]
[Black "Ramien, David"]
[Result "0-1"]
[Termination "normal"]
[Board "2.5"]
[WhiteElo "1942"]
[BlackElo "2160"]
[WhiteClock "00:03:02"]
[BlackClock "00:05:07"]
[WhiteTeam "USV Halle"]
[BlackTeam "SG Porz"]
[PlyCount "78"]
[WhiteFideId "12914860"]
[BlackFideId "12948241"]
[EventCountry "GER"]
[EventRounds "7"]
[EventType "team-swiss"]
[EventDate "2017.12.26"]

1. e4 {[%clk 1:30:58]} c5 {[%clk 1:30:56]} 2. Nf3 {[%clk 1:31:22]} d6 {[%clk
1:31:22]} 3. d4 {[%clk 1:31:48]} cxd4 {[%clk 1:31:48]} 4. Nxd4 {[%clk 1:32:13]}
Nf6 {[%clk 1:32:15]} 5. Nc3 {[%clk 1:32:36]} Nc6 {[%clk 1:32:40]} 6. Nb3 {[%clk
1:32:09]} e6 {[%clk 1:29:50]} 7. f4 {[%clk 1:32:11]} Be7 {[%clk 1:30:10]} 8.
Be3 {[%clk 1:32:23]} a6 {[%clk 1:29:02]} 9. Qf3 {[%clk 1:31:51]} Qc7 {[%clk
1:28:17]} 10. g4 {[%clk 1:30:22]} b5 {[%clk 1:27:47]} 11. g5 {[%clk 1:26:20]}
Nd7 {[%clk 1:28:09]} 12. Qf2 {[%clk 1:25:39]} Na5 {[%clk 1:01:03]} 13. Bd4
{[%clk 1:17:07]} O-O {[%clk 0:58:36]} 14. Bd3 {[%clk 1:13:09]} Bb7 {[%clk
0:55:40]} 15. Qh4 {[%clk 1:07:21]} Rfe8 {[%clk 0:54:27]} 16. O-O-O {[%clk
1:02:10]} b4 {[%clk 0:45:23]} 17. Ne2 {[%clk 0:38:45]} Nxb3+ {[%clk 0:40:06]}
18. axb3 {[%clk 0:39:08]} Nc5 {[%clk 0:37:52]} 19. Bxc5 {[%clk 0:37:20]} Qxc5
{[%clk 0:37:53]} 20. Qh3 {[%clk 0:35:03]} a5 {[%clk 0:32:45]} 21. Rhg1 {[%clk
0:33:34]} g6 {[%clk 0:26:01]} 22. Rg4 {[%clk 0:28:59]} a4 {[%clk 0:22:44]} 23.
bxa4 {[%clk 0:26:46]} Rxa4 {[%clk 0:21:22]} 24. Kd2 {[%clk 0:24:55]} Ba6 {[%clk
0:15:26]} 25. Qh6 {[%clk 0:19:56]} Bf8 {[%clk 0:15:22]} 26. Qh3 {[%clk
0:20:13]} Bxd3 {[%clk 0:14:12]} 27. Qxd3 {[%clk 0:19:49]} Bg7 28. Ke1 {[%clk
0:15:26]} Bxb2 {[%clk 0:08:58]} 29. Qb3 {[%clk 0:09:39]} Bc3+ {[%clk 0:08:58]}
30. Nxc3 {[%clk 0:09:56]} Ra3 {[%clk 0:05:37]} 31. Na4 {[%clk 0:07:45]} Qc6
{[%clk 0:05:00]} 32. Qxb4 {[%clk 0:07:36]} Rxa4 {[%clk 0:05:27]} 33. Rxd6
{[%clk 0:06:33]} Qxc2 {[%clk 0:05:39]} 34. Qd2 {[%clk 0:05:29]} Rxe4+ {[%clk
0:06:03]} 35. Kf2 {[%clk 0:05:53]} Qc5+ {[%clk 0:05:42]} 36. Kf3 {[%clk
0:05:35]} Rc4 {[%clk 0:05:26]} 37. Rg2 {[%clk 0:04:50]} Rc3+ {[%clk 0:04:13]}
38. Rd3 {[%clk 0:03:20]} Qd5+ {[%clk 0:04:41]} 39. Ke3 {[%clk 0:03:02]} Rxd3+
{[%clk 0:05:07]} 0-1

[Event "DVM U20 2017"]
[Site "Düsseldorf GER"]
[Date "2017.12.28"]
[Round "4"]
[White "Sewald, Kathrin"]
[Black "Kretzschmar, Arnd"]
[Result "1-0"]
[Termination "normal"]
[Board "2.6"]
[WhiteElo "1890"]
[BlackElo "1986"]
[WhiteClock "00:33:11"]
[BlackClock "00:00:32"]
[WhiteTeam "SG Porz"]
[BlackTeam "USV Halle"]
[PlyCount "81"]
[WhiteFideId "12964557"]
[BlackFideId "12914835"]
[EventCountry "GER"]
[EventRounds "7"]
[EventType "team-swiss"]
[EventDate "2017.12.26"]

1. e4 {[%clk 1:30:59]} c5 {[%clk 1:30:54]} 2. d3 {[%clk 1:31:26]} g6 {[%clk
1:31:00]} 3. Be3 {[%clk 1:30:28]} Bg7 {[%clk 1:29:23]} 4. Qc1 {[%clk 1:30:46]}
Nc6 {[%clk 1:26:56]} 5. Nd2 {[%clk 1:27:26]} d6 {[%clk 1:22:56]} 6. g3 {[%clk
1:24:36]} Nf6 {[%clk 1:20:02]} 7. h3 {[%clk 1:22:45]} e5 {[%clk 1:16:22]} 8.
Bg2 {[%clk 1:22:00]} Be6 {[%clk 1:16:16]} 9. Ne2 {[%clk 1:17:47]} Nd4 {[%clk
1:09:01]} 10. Nc3 {[%clk 1:14:14]} O-O {[%clk 1:07:40]} 11. O-O {[%clk
1:13:29]} Qd7 {[%clk 0:48:46]} 12. Kh2 {[%clk 1:13:16]} b5 {[%clk 0:49:02]} 13.
Nd5 {[%clk 1:10:14]} Bxd5 {[%clk 0:46:41]} 14. exd5 {[%clk 1:10:32]} Rab8
{[%clk 0:41:00]} 15. c3 {[%clk 1:08:51]} Nf5 {[%clk 0:41:06]} 16. Bg5 {[%clk
1:06:48]} a5 {[%clk 0:35:04]} 17. g4 {[%clk 0:53:27]} Ne7 {[%clk 0:34:49]} 18.
c4 {[%clk 0:52:22]} bxc4 {[%clk 0:34:33]} 19. dxc4 {[%clk 0:52:22]} h6 {[%clk
0:32:57]} 20. Be3 {[%clk 0:48:39]} Ne8 {[%clk 0:25:56]} 21. Nb3 {[%clk
0:43:51]} a4 {[%clk 0:22:25]} 22. Na5 {[%clk 0:42:47]} Qc7 {[%clk 0:22:27]} 23.
Bd2 {[%clk 0:41:49]} Kh7 {[%clk 0:22:00]} 24. Be4 {[%clk 0:39:06]} Nf6 {[%clk
0:17:41]} 25. Bc2 {[%clk 0:39:02]} Ra8 {[%clk 0:16:19]} 26. Qe1 {[%clk
0:37:21]} Qd7 {[%clk 0:13:46]} 27. Qd1 {[%clk 0:37:06]} Qc7 {[%clk 0:13:51]}
28. Qe1 {[%clk 0:36:36]} Qd7 {[%clk 0:14:05]} 29. Rg1 {[%clk 0:35:12]} Rfb8
{[%clk 0:10:41]} 30. Rb1 {[%clk 0:35:38]} Ne8 {[%clk 0:09:55]} 31. Rg3 {[%clk
0:33:30]} Rb6 {[%clk 0:02:36]} 32. Ra3 {[%clk 0:33:43]} Rba6 {[%clk 0:01:43]}
33. Bxa4 {[%clk 0:33:50]} Qa7 {[%clk 0:01:46]} 34. Bb5 {[%clk 0:34:02]} Rb6
{[%clk 0:00:51]} 35. Nc6 {[%clk 0:34:09]} Nxc6 {[%clk 0:01:01]} 36. Rxa7 {[%clk
0:34:30]} Nxa7 {[%clk 0:01:24]} 37. a4 {[%clk 0:33:04]} Nxb5 {[%clk 0:00:42]}
38. axb5 {[%clk 0:33:23]} Nf6 {[%clk 0:00:36]} 39. Ra1 {[%clk 0:33:13]} Rab8
{[%clk 0:00:47]} 40. Ra7 {[%clk 0:32:57]} R6b7 {[%clk 0:00:32]} 41. Qa1 {[%clk
0:33:11]} 1-0

[Event "DVM U20 2017"]
[Site "Düsseldorf GER"]
[Date "2017.12.28"]
[Round "4"]
[White "Ruff, Maximilian"]
[Black "Köllner, Ruben Gideon"]
[Result "0-1"]
[Termination "normal"]
[Board "3.1"]
[WhiteTitle "FM"]
[WhiteElo "2280"]
[BlackElo "2147"]
[WhiteClock "00:13:58"]
[BlackClock "01:17:03"]
[WhiteTeam "SF Sasbach"]
[BlackTeam "SG Bochum"]
[PlyCount "68"]
[WhiteFideId "1271670"]
[BlackFideId "12993093"]
[EventCountry "GER"]
[EventRounds "7"]
[EventType "team-swiss"]
[EventDate "2017.12.26"]

1. d4 {[%clk 1:30:56]} d6 {[%clk 1:30:55]} 2. c4 {[%clk 1:30:41]} e5 {[%clk
1:31:21]} 3. Nf3 {[%clk 1:30:57]} e4 {[%clk 1:31:41]} 4. Ng5 {[%clk 1:27:00]}
f5 {[%clk 1:31:31]} 5. Nc3 {[%clk 1:25:47]} Be7 {[%clk 1:31:36]} 6. Nh3 {[%clk
1:25:21]} Nf6 {[%clk 1:31:48]} 7. Bg5 {[%clk 1:22:53]} c6 {[%clk 1:30:49]} 8.
e3 {[%clk 1:21:53]} O-O {[%clk 1:30:52]} 9. Nf4 {[%clk 1:20:06]} Na6 {[%clk
1:30:25]} 10. Be2 {[%clk 1:07:55]} Nc7 {[%clk 1:30:33]} 11. O-O {[%clk
0:58:03]} Bd7 {[%clk 1:29:10]} 12. b4 {[%clk 0:54:50]} Be8 {[%clk 1:24:55]} 13.
a4 {[%clk 0:50:52]} Bf7 {[%clk 1:24:39]} 14. Qc2 {[%clk 0:50:34]} h6 {[%clk
1:23:13]} 15. Bxf6 {[%clk 0:50:55]} Bxf6 {[%clk 1:23:39]} 16. Nh5 {[%clk
0:43:41]} Be7 {[%clk 1:23:19]} 17. b5 {[%clk 0:43:30]} d5 {[%clk 1:21:59]} 18.
c5 {[%clk 0:41:16]} g5 {[%clk 1:21:51]} 19. Ng3 {[%clk 0:37:37]} Bg6 {[%clk
1:21:03]} 20. f4 {[%clk 0:30:06]} gxf4 {[%clk 1:20:02]} 21. Rxf4 {[%clk
0:17:38]} Bg5 {[%clk 1:20:04]} 22. Nh5 {[%clk 0:16:41]} Bxh5 {[%clk 1:17:46]}
23. Bxh5 {[%clk 0:16:59]} Bxf4 {[%clk 1:18:11]} 24. exf4 {[%clk 0:17:25]} Qh4
{[%clk 1:18:18]} 25. Qe2 {[%clk 0:17:12]} Qxf4 {[%clk 1:18:16]} 26. Kh1 {[%clk
0:15:40]} Ne6 {[%clk 1:18:10]} 27. Rd1 {[%clk 0:16:06]} Qg5 {[%clk 1:18:23]}
28. g3 {[%clk 0:16:23]} Ng7 {[%clk 1:18:40]} 29. g4 {[%clk 0:16:45]} f4 {[%clk
1:18:47]} 30. bxc6 {[%clk 0:16:14]} bxc6 {[%clk 1:19:01]} 31. Qa6 {[%clk
0:16:33]} Rf6 {[%clk 1:17:47]} 32. Qb7 {[%clk 0:15:14]} Raf8 {[%clk 1:18:02]}
33. Qe7 {[%clk 0:15:07]} f3 {[%clk 1:17:17]} 34. Rf1 {[%clk 0:13:58]} Nxh5
{[%clk 1:17:03]} 0-1

[Event "DVM U20 2017"]
[Site "Düsseldorf GER"]
[Date "2017.12.28"]
[Round "4"]
[White "Stricker, Florian"]
[Black "Ehmann, Thilo"]
[Result "0-1"]
[Termination "normal"]
[Board "3.2"]
[BlackTitle "FM"]
[WhiteElo "2080"]
[BlackElo "2291"]
[WhiteClock "00:10:14"]
[BlackClock "00:27:52"]
[WhiteTeam "SG Bochum"]
[BlackTeam "SF Sasbach"]
[PlyCount "86"]
[WhiteFideId "12976385"]
[BlackFideId "12940968"]
[EventCountry "GER"]
[EventRounds "7"]
[EventType "team-swiss"]
[EventDate "2017.12.26"]

1. d4 {[%clk 1:30:58]} Nf6 {[%clk 1:30:55]} 2. Nf3 {[%clk 1:31:24]} d5 {[%clk
1:30:43]} 3. c4 {[%clk 1:31:48]} e6 {[%clk 1:27:13]} 4. g3 {[%clk 1:32:11]} Be7
{[%clk 1:26:55]} 5. Bg2 {[%clk 1:32:36]} O-O {[%clk 1:26:54]} 6. O-O {[%clk
1:33:03]} b6 {[%clk 1:25:21]} 7. Qc2 {[%clk 1:30:18]} Bb7 {[%clk 1:25:00]} 8.
Ne5 {[%clk 1:28:23]} Qc8 {[%clk 1:24:42]} 9. cxd5 {[%clk 1:20:32]} exd5 {[%clk
1:23:10]} 10. Bg5 {[%clk 1:17:21]} h6 {[%clk 1:23:09]} 11. Bxf6 {[%clk
1:12:31]} Bxf6 {[%clk 1:22:48]} 12. Nc3 {[%clk 1:12:40]} c6 {[%clk 1:06:07]}
13. Rac1 {[%clk 1:06:57]} Qe6 {[%clk 1:03:51]} 14. f4 {[%clk 1:03:08]} c5
{[%clk 1:00:18]} 15. e3 {[%clk 0:54:28]} Na6 {[%clk 0:59:28]} 16. Qe2 {[%clk
0:49:16]} Rfd8 {[%clk 0:57:16]} 17. Qh5 {[%clk 0:47:51]} Qe7 {[%clk 0:55:57]}
18. a3 {[%clk 0:45:41]} Nc7 {[%clk 0:55:13]} 19. Rcd1 {[%clk 0:41:29]} Rd6
{[%clk 0:53:43]} 20. g4 {[%clk 0:38:40]} Rad8 {[%clk 0:52:33]} 21. Rf3 {[%clk
0:33:22]} Bc8 {[%clk 0:43:58]} 22. Rdf1 {[%clk 0:22:51]} g6 {[%clk 0:28:39]}
23. Qxh6 {[%clk 0:18:10]} Bg7 {[%clk 0:28:51]} 24. Qh3 {[%clk 0:18:21]} Ba6
{[%clk 0:29:08]} 25. R1f2 {[%clk 0:14:42]} Ne6 {[%clk 0:29:08]} 26. Rd2 {[%clk
0:14:40]} cxd4 {[%clk 0:26:29]} 27. exd4 {[%clk 0:13:52]} g5 {[%clk 0:26:35]}
28. fxg5 {[%clk 0:04:29]} Nxg5 {[%clk 0:19:42]} 29. Qg3 {[%clk 0:04:54]} Nxf3+
{[%clk 0:19:18]} 30. Bxf3 {[%clk 0:05:18]} Qg5 {[%clk 0:15:15]} 31. Rd1 {[%clk
0:03:02]} Bh6 {[%clk 0:13:19]} 32. h4 {[%clk 0:01:51]} Qe3+ {[%clk 0:13:19]}
33. Qf2 {[%clk 0:02:11]} Qxf2+ {[%clk 0:09:26]} 34. Kxf2 {[%clk 0:02:33]} f6
{[%clk 0:09:19]} 35. g5 {[%clk 0:02:12]} fxe5 {[%clk 0:06:29]} 36. dxe5 {[%clk
0:02:00]} R6d7 {[%clk 0:04:34]} 37. gxh6 {[%clk 0:02:05]} d4 {[%clk 0:04:19]}
38. Ne4 {[%clk 0:02:13]} Re7 {[%clk 0:04:23]} 39. Nf6+ {[%clk 0:01:52]} Kh8
{[%clk 0:03:34]} 40. Rg1 {[%clk 0:01:44]} Rxe5 {[%clk 0:01:40]} 41. Ne4 {[%clk
0:19:43]} Rf8 {[%clk 0:29:04]} 42. Ng5 {[%clk 0:15:20]} Bb7 {[%clk 0:28:30]}
43. Kg3 {[%clk 0:10:14]} Re3 {[%clk 0:27:52]} 0-1

[Event "DVM U20 2017"]
[Site "Düsseldorf GER"]
[Date "2017.12.28"]
[Round "4"]
[White "Riehle, Marco"]
[Black "Rempe, Moritz"]
[Result "1-0"]
[Termination "normal"]
[Board "3.3"]
[WhiteTitle "FM"]
[WhiteElo "2280"]
[BlackElo "1990"]
[WhiteClock "00:48:42"]
[BlackClock "00:19:49"]
[WhiteTeam "SF Sasbach"]
[BlackTeam "SG Bochum"]
[PlyCount "53"]
[WhiteFideId "12904392"]
[BlackFideId "12906867"]
[EventCountry "GER"]
[EventRounds "7"]
[EventType "team-swiss"]
[EventDate "2017.12.26"]

1. e4 {[%clk 1:30:44]} e6 {[%clk 1:30:55]} 2. c4 {[%clk 1:31:10]} d5 {[%clk
1:28:38]} 3. cxd5 {[%clk 1:31:35]} exd5 {[%clk 1:29:05]} 4. Qb3 {[%clk
1:32:01]} Nf6 {[%clk 1:19:17]} 5. e5 {[%clk 1:32:27]} Ne4 {[%clk 1:19:07]} 6.
Nf3 {[%clk 1:32:54]} c6 {[%clk 1:13:45]} 7. d4 {[%clk 1:23:48]} Be7 {[%clk
1:11:15]} 8. Nc3 {[%clk 1:23:56]} Ng5 {[%clk 1:02:47]} 9. Nxg5 {[%clk 1:19:12]}
Bxg5 {[%clk 1:02:43]} 10. Be2 {[%clk 1:19:33]} Nd7 {[%clk 0:58:20]} 11. O-O
{[%clk 1:19:03]} Bxc1 {[%clk 0:56:43]} 12. Raxc1 {[%clk 1:19:28]} Qb6 {[%clk
0:57:00]} 13. Qd1 {[%clk 1:12:32]} Nf8 {[%clk 0:50:41]} 14. Na4 {[%clk
1:10:04]} Qd8 {[%clk 0:47:41]} 15. f4 {[%clk 1:08:26]} Ne6 {[%clk 0:45:55]} 16.
Qd2 {[%clk 1:03:52]} g6 {[%clk 0:42:29]} 17. Rc3 {[%clk 1:01:37]} Qa5 {[%clk
0:35:49]} 18. Nc5 {[%clk 1:00:36]} Nxc5 {[%clk 0:35:41]} 19. dxc5 {[%clk
1:00:58]} Bd7 {[%clk 0:27:51]} 20. Qd4 {[%clk 1:00:50]} Rg8 {[%clk 0:27:55]}
21. b4 {[%clk 0:57:11]} Qd8 {[%clk 0:27:19]} 22. Re3 {[%clk 0:51:17]} h5 {[%clk
0:22:28]} 23. e6 {[%clk 0:49:07]} Bxe6 {[%clk 0:20:39]} 24. f5 {[%clk 0:48:24]}
gxf5 {[%clk 0:21:02]} 25. Bxh5 {[%clk 0:48:03]} Rg5 {[%clk 0:20:05]} 26. Rxe6+
{[%clk 0:48:14]} Kd7 {[%clk 0:19:49]} 27. Rd6+ {[%clk 0:48:42]} 1-0

[Event "DVM U20 2017"]
[Site "Düsseldorf GER"]
[Date "2017.12.28"]
[Round "4"]
[White "Wübker, Paul-Luca"]
[Black "Zimmer, Raphael"]
[Result "0-1"]
[Termination "normal"]
[Board "3.4"]
[BlackTitle "FM"]
[WhiteElo "2053"]
[BlackElo "2122"]
[WhiteClock "00:17:48"]
[BlackClock "01:01:17"]
[WhiteTeam "SG Bochum"]
[BlackTeam "SF Sasbach"]
[PlyCount "52"]
[WhiteFideId "12939528"]
[BlackFideId "12978841"]
[EventCountry "GER"]
[EventRounds "7"]
[EventType "team-swiss"]
[EventDate "2017.12.26"]

1. d4 {[%clk 1:30:57]} d5 {[%clk 1:30:52]} 2. c4 {[%clk 1:31:21]} e6 {[%clk
1:31:14]} 3. Nc3 {[%clk 1:31:38]} c5 {[%clk 1:31:33]} 4. Nf3 {[%clk 1:29:54]}
Nf6 {[%clk 1:31:52]} 5. Bf4 {[%clk 1:24:37]} a6 {[%clk 1:30:57]} 6. dxc5 {[%clk
1:22:14]} Bxc5 {[%clk 1:31:06]} 7. cxd5 {[%clk 1:22:04]} Qb6 {[%clk 1:28:07]}
8. Qc2 {[%clk 0:59:53]} Bxf2+ {[%clk 1:25:19]} 9. Kd1 {[%clk 0:57:47]} O-O
{[%clk 1:24:00]} 10. e4 {[%clk 0:52:35]} exd5 {[%clk 1:17:23]} 11. Nxd5 {[%clk
0:48:45]} Nxd5 {[%clk 1:17:01]} 12. exd5 {[%clk 0:49:03]} Bg4 {[%clk 1:11:41]}
13. Bd3 {[%clk 0:38:56]} h6 {[%clk 1:10:57]} 14. h3 {[%clk 0:36:08]} Bh5 {[%clk
1:08:56]} 15. Rf1 {[%clk 0:30:57]} Bd4 {[%clk 1:08:04]} 16. g4 {[%clk 0:29:34]}
Bg6 {[%clk 1:07:59]} 17. Bxg6 {[%clk 0:29:53]} fxg6 {[%clk 1:08:19]} 18. Nxd4
{[%clk 0:30:09]} Qxd4+ {[%clk 1:07:53]} 19. Qd2 {[%clk 0:30:28]} Qc4 {[%clk
1:08:06]} 20. Rf2 {[%clk 0:30:01]} Nd7 {[%clk 1:06:21]} 21. b3 {[%clk 0:24:43]}
Qe4 {[%clk 1:04:50]} 22. d6 {[%clk 0:22:41]} Rae8 {[%clk 1:01:48]} 23. Rc1
{[%clk 0:21:26]} g5 {[%clk 1:00:44]} 24. Rc7 {[%clk 0:19:07]} gxf4 {[%clk
1:00:39]} 25. Rxd7 {[%clk 0:17:32]} Qh1+ {[%clk 1:00:55]} 26. Kc2 {[%clk
0:17:48]} Qc6+ {[%clk 1:01:17]} 0-1

[Event "DVM U20 2017"]
[Site "Düsseldorf GER"]
[Date "2017.12.28"]
[Round "4"]
[White "Ehmann, Johanna"]
[Black "Finke, Dominik"]
[Result "1/2-1/2"]
[Termination "normal"]
[Board "3.5"]
[WhiteElo "1819"]
[BlackElo "2049"]
[WhiteClock "01:07:45"]
[BlackClock "00:24:30"]
[WhiteTeam "SF Sasbach"]
[BlackTeam "SG Bochum"]
[PlyCount "41"]
[WhiteFideId "12953130"]
[BlackFideId "16202511"]
[EventCountry "GER"]
[EventRounds "7"]
[EventType "team-swiss"]
[EventDate "2017.12.26"]

1. e4 {[%clk 1:30:57]} e5 {[%clk 1:30:54]} 2. Nf3 {[%clk 1:31:19]} Nc6 {[%clk
1:31:20]} 3. d4 {[%clk 1:31:36]} exd4 {[%clk 1:31:43]} 4. Bc4 {[%clk 1:31:49]}
Nf6 {[%clk 1:32:05]} 5. e5 {[%clk 1:31:47]} d5 {[%clk 1:31:30]} 6. Bb5 {[%clk
1:31:51]} Ne4 {[%clk 1:31:28]} 7. Nxd4 {[%clk 1:31:59]} Bd7 {[%clk 1:30:50]} 8.
Bxc6 {[%clk 1:31:54]} bxc6 {[%clk 1:31:09]} 9. O-O {[%clk 1:31:47]} Bc5 {[%clk
1:28:28]} 10. f3 {[%clk 1:31:43]} Ng5 {[%clk 1:27:33]} 11. f4 {[%clk 1:31:41]}
Ne4 {[%clk 1:14:57]} 12. Be3 {[%clk 1:31:40]} O-O {[%clk 1:12:09]} 13. Nd2
{[%clk 1:31:44]} Nxd2 {[%clk 1:11:22]} 14. Qxd2 {[%clk 1:32:06]} Bb6 {[%clk
1:04:32]} 15. Nb3 {[%clk 1:30:38]} f6 {[%clk 0:59:14]} 16. Nc5 {[%clk 1:20:05]}
fxe5 {[%clk 0:56:34]} 17. fxe5 {[%clk 1:19:06]} Qe7 {[%clk 0:51:07]} 18. Qc3
{[%clk 1:16:02]} Rf5 {[%clk 0:29:13]} 19. Nxd7 {[%clk 1:11:03]} Qxd7 {[%clk
0:25:40]} 20. Rxf5 {[%clk 1:07:38]} Bxe3+ {[%clk 0:24:30]} 21. Qxe3 {[%clk
1:07:45]} 1/2-1/2